000 00885nam a2200277Ia 4500
005 20220316235755.0
008 121119s2002 sp gr 000 0 spa
020 _a8483074508
041 1 _aspa
082 0 4 _a297
_bR17Y
100 1 _aRashid, Ahmed
245 1 0 _aYihad
_bel auge del islamismo en Asia central
_cAhmed rashid ; traducción, Emilio Gómez Vega
250 _aPrimera edición
300 _a313 páginas
_c23 cm.
490 0 _aPenínsula. Atalaya
_v90
650 1 4 _aYihad
_xHistoria
_2LEMB
650 1 4 _aIslamismo y estado
_2LEMB
650 1 4 _aGuerra y religión
_2LEMB
700 1 _aGómez Vega, Emilio
_etraductor
_934496
942 _2ddc
_cBK
264 _aBarcelona
_bEdiciones Península
_c2002
336 _atexto
_btxt
_2rdacontent
337 _asin mediación
_bn
_2rdamedia
338 _avolumen
_bnc
_2rdacarrier
040 _aCO-BoRNBP
_bspa
_erda
_cCO-BoRNBP
999 _c2114
_d2114